| 000 | 00405pab a2200133 454500 | ||
|---|---|---|---|
| 008 | 180718b xxu||||| |||| 00| 0 eng d | ||
| 100 | _aPinto, Marina | ||
| 245 | _aThe changing face of local government in Britain | ||
| 650 | _a U.K | ||
| 650 | _a Local Government | ||
| 650 | _aLocal Government - U.K. | ||
| 773 | _aQuarterly Journal of the All India Institute of Local Self-Government Bombay | ||
| 909 | _a1916 | ||
| 999 |
_c1916 _d1916 |
||